| 000 | 00552nam a2200181Ia 4500 | ||
|---|---|---|---|
| 008 | 090124s9999 xx 000 0 und d | ||
| 082 | _b34411 | ||
| 100 | _aनारायण जयप्रकाश | ||
| 245 | _a स्वगत | ||
| 250 | _a2 | ||
| 260 |
_bपरचुरे प्रकाशन मन्दिर _c1997 |
||
| 300 | _a147 | ||
| 600 | _aनारायण जयप्रकाश | ||
| 630 | _a स्वगत | ||
| 700 | _aनारायण जयप्रकाश | ||
| 730 | _a स्वगत | ||
| 942 | _cBOOK | ||
| 999 |
_c100347 _d100347 |
||